000 00553nmm a2200193Ia 4500
008 251105s9999||||xx |||||||||||||||||und||
020 _a9788492536573
041 _aspa
100 _aMagadán Díaz, Marta
245 0 _aTurismo literario
264 _a[Madrid, España] :
_bSeptem Ediciones,
_c2011
300 _a96 páginas
490 _aSeptem Universitas
650 _aEconomics and Business
700 _aMagadán Díaz, Marta
700 1 _a Rivas García, Jesús
856 _uhttps://public.digitaliapublishing.com/a/35556
942 _cCF
999 _c68172
_d68172